000 00821nam a2200265Ia 4500
003 OSt
005 20220926011838.0
006 a|||||r|||| 00| 0
007 ta
008 220923b |||||||| |||| 00| 0 eng d
037 _cGeneral Book
040 _aRTL
_cRTL
_beng
041 _2eng
_aeng
082 _aY9(W).46.N7, L2
100 _aHammond Paul Y
245 0 _aPolitical dynamics in the middle east
260 _aNew York
_bAmerican Elsevier
_c1972
300 _axxxvi, 668p
_ccm.
490 _aMiddle East Economic and Political Problems and Prospects
500 _aBibliography: P 667-68
650 _aPolitical Sociology
700 _a Alexander Sidney S Ed.
_9315099
942 _hY9(W).46.N7, L2
_cGB
_2CC
999 _c621156
_d621156